| 000 | 00452nam a2200157 a 4500 | ||
|---|---|---|---|
| 001 | 14390 | ||
| 005 | 20180713202855.0 | ||
| 008 | 140415s1995 000 0 spa d | ||
| 020 | _a9688592072 | ||
| 041 | _aspa | ||
| 082 |
_a378.48 _bUNI |
||
| 245 | 0 | 3 | _aLA UNIVERSIDAD LATINOAMERICANA ANTE LOS NUEVOS ESCENARIOS |
| 260 |
_a[s.l.] : _bUDUAL, _c1995 |
||
| 300 | _a504 | ||
| 650 | 1 | 4 |
_aEDUCACION _xTECNOLOGIA _xUNIVERSIDADES _xLATINOAMERICA |
| 999 |
_c14390 _d14390 |
||